|
|
|
|
| LEADER |
00000cam a2200000 7i4500 |
| 001 |
0000002564 |
| 005 |
20030812.0 |
| 020 |
0 |
0 |
|a 9836261524
|
| 090 |
0 |
0 |
|a 342.59502
|b PER 1999
|
| 245 |
0 |
0 |
|a PERKEMBANGAN undang-undang Perlembagaan Persekutuan
|c Ahmad Ibrahim ... [et al.]
|
| 260 |
0 |
0 |
|a Kuala Lumpur :
|b Dewan Bahasa dan Pustaka ,
|c 1999
|
| 300 |
|
|
|a xxxxiii, 519 p. ;
|c 23 cm.
|
| 500 |
0 |
0 |
|a Includes bibliographical references and index
|
| 651 |
0 |
0 |
|a Malaysia
|x Constitution
|
| 651 |
0 |
0 |
|a Malaysia
|x Constitutional law
|
| 700 |
0 |
1 |
|a Ahmad Ibrahim
|f Tan Sri Datuk ,
|c 1916-1999
|
| 998 |
|
|
|a JPSM
|
| 999 |
|
|
|a 0000004985
|b Monograph
|c Open Shelf
|e Default branch
|